Advances in marine navigation and safety of sea transportation / (Record no. 2739)
[ view plain ]
| 000 -LEADER | |
|---|---|
| fixed length control field | 02087nam a2200361 a 4500 |
| 006 - FIXED-LENGTH DATA ELEMENTS--ADDITIONAL MATERIAL CHARACTERISTICS--GENERAL INFORMATION | |
| fixed length control field | m|||||o||d 00| 0 |
| 007 - PHYSICAL DESCRIPTION FIXED FIELD--GENERAL INFORMATION | |
| fixed length control field | cr || ||a|| |
| 008 - FIXED-LENGTH DATA ELEMENTS--GENERAL INFORMATION | |
| fixed length control field | 200122t20192019fluab ob 101 0 eng d |
| 020 ## - INTERNATIONAL STANDARD BOOK NUMBER | |
| Qualifying information | ebook |
| International Standard Book Number | 9780429341939 |
| 040 ## - CATALOGING SOURCE | |
| Original cataloging agency | IMU Kochi Library |
| Language of cataloging | eng |
| 041 0# - LANGUAGE CODE | |
| Language code of text/sound track or separate title | eng |
| 044 ## - COUNTRY OF PUBLISHING/PRODUCING ENTITY CODE | |
| MARC country code | England |
| 082 04 - DEWEY DECIMAL CLASSIFICATION NUMBER | |
| Edition number | 23 |
| Classification number | 623.893 23 |
| 111 2# - MAIN ENTRY--MEETING NAME | |
| Meeting name or jurisdiction name as entry element | International Conference on Marine Navigation and Safety of Sea Transportation |
| Number of part/section/meeting | (13th : |
| Date of meeting | 2019 : |
| Location of meeting | Gdynia, Poland), |
| 245 10 - TITLE STATEMENT | |
| Title | Advances in marine navigation and safety of sea transportation / |
| 260 ## - PUBLICATION, DISTRIBUTION, ETC. (IMPRINT) | |
| Place of publication, distribution, etc | London ; |
| Name of publisher, distributor, etc | Routledge, Taylor & Francis Group, |
| Date of publication, distribution, etc | 2019 |
| 300 ## - PHYSICAL DESCRIPTION | |
| Extent | 1 online resource. |
| 500 ## - GENERAL NOTE | |
| General note | "A Balkema book." |
| 500 ## - GENERAL NOTE | |
| General note | Papers presented at the 13th International Conference TransNav 2019 on Marine Navigation and Safety of Sea Transportation held in Gdynia, Poland, June 12-14, 2019. |
| 504 ## - BIBLIOGRAPHY, ETC. NOTE | |
| Bibliography, etc | Includes bibliographical references and index. |
| 520 ## - SUMMARY, ETC. | |
| Summary, etc | "This volume contains a selection of papers presented at the 13th International Conference on Marine Navigation and Safety of Sea Transport and is addressed to scientists and professionals in order to share their expert knowledge, experience and research results concerning all aspects of navigation, safety of navigation and sea transportation. The thirteen edition of the most innovative world conference on maritime transport research is designed to find solutions to challenges in waterborne transport, navigation and shipping, mobility of people and goods with respect to energy, infrastructure, environment, safety and security as well as to economic issues."-- |
| 650 #0 - SUBJECT ADDED ENTRY--TOPICAL TERM | |
| Topical term or geographic name as entry element | Electronics in navigation |
| Form subdivision | Congresses. |
| 650 #0 - SUBJECT ADDED ENTRY--TOPICAL TERM | |
| Topical term or geographic name as entry element | Nautical instruments |
| Form subdivision | Congresses. |
| 650 #0 - SUBJECT ADDED ENTRY--TOPICAL TERM | |
| Topical term or geographic name as entry element | Aids to navigation |
| Form subdivision | Congresses. |
| 650 #0 - SUBJECT ADDED ENTRY--TOPICAL TERM | |
| Topical term or geographic name as entry element | Shipping |
| General subdivision | Safety measures |
| Form subdivision | Congresses. |
| 700 1# - ADDED ENTRY--PERSONAL NAME | |
| Personal name | Weintrit, Adam, |
| Relator term | Editor |
| 700 1# - ADDED ENTRY--PERSONAL NAME | |
| Personal name | Neumann, Tomasz, |
| Relator term | Editor |
| 852 ## - LOCATION/CALL NUMBER | |
| Location | IMU Kochi Library |
| 856 40 - ELECTRONIC LOCATION AND ACCESS | |
| Uniform Resource Identifier | <a href="http://www.taylorfrancis.com/books/9780429341939">http://www.taylorfrancis.com/books/9780429341939</a> |
| 904 ## - LOCAL DATA ELEMENT D, LDD (RLIN) | |
| CATALOGER | Rudra Ranjan |
| 905 ## - LOCAL DATA ELEMENT E, LDE (RLIN) | |
| VERIFIER | Rudra Ranjan |
| 942 ## - ADDED ENTRY ELEMENTS (KOHA) | |
| Item type | E-Book |
No items available.